Educating Rationality: Assessing Master Rationality Motive in Future Teachers

Na minha lista:
Detalhes bibliográficos
Autor principal: Hanák, Róbert, 1979-
Outros Autores: Čavojová, Vladimíra, Ballová Mikušková, Eva
Formato: Capítulo de Livro
Idioma:inglês
Tags: Adicionar Tag
Sem tags, seja o primeiro a adicionar uma tag!

MARC

LEADER 00000naa$a2200000$$$4500
001 0188874
005 20240502083440.0
041 0 |a eng 
044 |a ES 
245 1 0 |a Educating Rationality: Assessing Master Rationality Motive in Future Teachers  |c Róbert Hanák, Vladimíra Čavojová, Eva Ballová Mikušková 
500 |a Abstrakt 
100 1 |a Hanák, Róbert, 1979- 
700 1 |a Čavojová, Vladimíra 
700 1 |a Ballová Mikušková, Eva